5HLuxD.jpg

KING HENRY VIII SENIOR AND PRIMARY SCHOOL LIBRARY OPAC

Development as freedom / (Record no. 248)

000 -LEADER
fixed length control field 01716cam a2200361 a 4500
001 - CONTROL NUMBER
control field 12331845
003 - CONTROL NUMBER IDENTIFIER
control field OSt
005 - DATE AND TIME OF LATEST TRANSACTION
control field 20190802111950.0
008 - FIXED-LENGTH DATA ELEMENTS--GENERAL INFORMATION
fixed length control field 010301r20011999enk b 001 0 eng
010 ## - LIBRARY OF CONGRESS CONTROL NUMBER
LC control number 2001274375
015 ## - NATIONAL BIBLIOGRAPHY NUMBER
National bibliography number GBA1-10178
020 ## - INTERNATIONAL STANDARD BOOK NUMBER
International Standard Book Number 9780192893307
035 ## - SYSTEM CONTROL NUMBER
System control number (OCoLC)ocm45854372
040 ## - CATALOGING SOURCE
Original cataloging agency UKM
Transcribing agency UKM
Modifying agency DLC
042 ## - AUTHENTICATION CODE
Authentication code lccopycat
043 ## - GEOGRAPHIC AREA CODE
Geographic area code d------
082 00 - DEWEY DECIMAL CLASSIFICATION NUMBER
Classification number 338.9 SEN
Edition number 21
100 1# - MAIN ENTRY--PERSONAL NAME
Personal name Sen, Amartya,
Dates associated with a name 1933-
Relator term author
245 10 - TITLE STATEMENT
Title Development as freedom /
Statement of responsibility, etc. Amartya Sen.
260 ## - PUBLICATION, DISTRIBUTION, ETC.
Place of publication, distribution, etc. Oxford ;
-- New York :
Name of publisher, distributor, etc. Oxford University Press,
Date of publication, distribution, etc. 2001.
300 ## - PHYSICAL DESCRIPTION
Extent xvi, 366 p. ;
Other physical details graph ;
Dimensions 20 cm.
500 ## - GENERAL NOTE
General note Originally published: 1999.
504 ## - BIBLIOGRAPHY, ETC. NOTE
Bibliography, etc. note Includes bibliographical references and index.
505 8# - FORMATTED CONTENTS NOTE
Formatted contents note Machine generated contents note: Introduction: Development as Freedom -- The Perspective of Fredom -- The ends and the Means of Development -- 3 Freedom and the Foundations of ustice -- 4 Povertyas Capability Deprivation -- Markets, States, nd Social Opportunity -- 6 The Importane of Democracy -- 7 Famines and Other Crises -- S Women'sAgency ndSocial Chnge -- 9 Population, Food and Freedom -- 10 Culture and HumanRights -- 11 Social Choice and Individual Behavior -- Individual Freedom as a Social Commitment -- Notes -- Index.
650 #0 - SUBJECT ADDED ENTRY--TOPICAL TERM
Topical term or geographic name entry element Liberty.
650 #0 - SUBJECT ADDED ENTRY--TOPICAL TERM
Topical term or geographic name entry element Free enterprise.
650 #0 - SUBJECT ADDED ENTRY--TOPICAL TERM
Topical term or geographic name entry element Economic development
General subdivision Social aspects.
651 #0 - SUBJECT ADDED ENTRY--GEOGRAPHIC NAME
Geographic name Developing countries
General subdivision Economic conditions.
856 41 - ELECTRONIC LOCATION AND ACCESS
Materials specified Table of contents
Uniform Resource Identifier <a href="http://www.loc.gov/catdir/toc/fy02/2001274375.html">http://www.loc.gov/catdir/toc/fy02/2001274375.html</a>
906 ## - LOCAL DATA ELEMENT F, LDF (RLIN)
a 7
b cbc
c copycat
d 2
e ncip
f 20
g y-gencatlg
942 ## - ADDED ENTRY ELEMENTS (KOHA)
Source of classification or shelving scheme
Koha item type Books - Non Ficton
Holdings
Withdrawn status Lost status Source of classification or shelving scheme Damaged status Not for loan Collection code Permanent Location Current Location Shelving location Date acquired Full call number Barcode Date last seen Price effective from Koha item type
          Non-Fiction KH8 Senior School Library KH8 Senior School Library Non Fiction 2019-08-02 338.9 SEN 3KHSL000100085 2019-08-02 2019-08-02 Books - Non Ficton

Powered By KH8 IT Dept